000 00923nam a2200277Ia 4500
001 Para_8504
003 CHAP
008 220125s9999 xx 000 0 und d
010 _a205811
040 _cCHAP
082 _aPA-C 595.752 A6
100 _aKnowlton, George F.
_963559
245 _aNotes on a few species of macrossphini (aphididae) from Utah with descriptions of two new species /
_c by George F. Knowlton
300 _a6 p.
440 _aAphididae; 18
_9171944
500 _aSobretiro de: The Pan-Pacific Ent. 5 (2): 79-84, 1928. Encuadernado con otros impresos similares
650 _a
_x Afididos
_x Colecciones de escritos
_x Macrosiphum
_9171945
710 _aThe Pan
_xPacific Entomologist 5 (2)
_9171943
901 _aPA-C 595.752 A6
902 _aA
905 _a000000 0000000000 00
910 _a
942 _cPARA
942 _cPARA
_d1
999 _c205811
_d205811